Najmłodsi strzelcy reprezentacji Niemiec - Statystyki

Ogólne statystyki
  • Ten quiz został rozwiązany 167 razy
  • Średni wynik to 2 z 5
Statystyki odpowiedzi
Zawodnik Pozycja Data zdobycia bramki Wiek zawodnika % Poprawnych
Jamal Musiala Ofensywny pomocnik 11.10.2021 18 lat 07 miesięcy 15 dni
95%
Lukas Podolski Cofnięty napastnik 21.12.2004 19 lat 06 miesięcy 17 dni
35%
Mario Götze Ofensywny pomocnik 10.08.2011 19 lat 02 miesięcy 07 dni
29%
Karim Adeyemi Lewy skrzydłowy 05.09.2021 19 lat 07 miesięcy 18 dni
14%
Marko Marin Ofensywny pomocnik 20.08.2008 19 lat 05 miesięcy 07 dni
1%
Nie znaleziono quizów pasujących do podanych kryteriów
Rozkład punktacji
Procent ludzi z każdym wynikiem
Percentyl według liczby udzielonych odpowiedzi
Twoja historia wyników
Nie rozwiązałeś tego quizu